Memoria leída en la Junta general ordinaria de accionistas del Camino de Hierro de Barcelona á Mataró : celebrada en 26 de Noviembre del año 1853 celebrada en 26 de Noviembre del año 1853
Descripción Física:
11 p., 2 f. plegats : quadres ; 25 cm
Materias:
Ferrocarrils -- Catalunya -- S. XIX
MARC
| LEADER | 00000nam a2200000Ia 4500 | ||
|---|---|---|---|
| 001 | 23416 | ||
| 008 | 160829s1853 xx 000 0 cat d | ||
| 080 | |a RF-16-66 | ||
| 245 | |a Memoria leída en la Junta general ordinaria de accionistas del Camino de Hierro de Barcelona á Mataró : |b celebrada en 26 de Noviembre del año 1853 | ||
| 260 | |a Barcelona : |b Imprenta de Narciso Ramírez, |c 1853 | ||
| 300 | |a 11 p., 2 f. plegats : |b quadres ; |c 25 cm | ||
| 590 | |a Prové de OPP-3714 | ||
| 650 | 0 | |a Ferrocarrils |z Catalunya |y S. XIX |9 22518 | |
| 856 | 4 | |u https://media.diba.cat/diba/fitxers/arxiu/fulletons/bib_23416_1853_baixa.pdf |y Accés lliure | |
| 856 | 4 | |u https://media.diba.cat/diba/fitxers/arxiu/fulletons/bib_23416_1853_baixa.pdf |y Accés lliure | |
| 901 | |a Arxiu | ||
| 942 | |n 1 |2 udc | ||
| 952 | |0 0 |1 0 |4 0 |6 RF1666 |7 1 |9 54857 |a Arxiu |b Arxiu |d 2012-03-09 |l 0 |o RF-16-66 |p 23416 |r 2016-12-01 00:00:00 |w 2016-12-01 |y ARXIU | ||
| 999 | |c 58727 |d 58727 | ||
| 900 | |a bib_23416_1853_baixa.pdf | ||